| 000 | 00608cam a22002051 4500 | ||
|---|---|---|---|
| 001 | med47000518 | ||
| 003 | DLC | ||
| 005 | 20260227111559.0 | ||
| 008 | 821218s1940 xx a 000 0 ita | ||
| 010 | _amed47000518 | ||
| 035 | _a(OCoLC)14725912 | ||
| 040 |
_aDLC _cDNLM _dDLC |
||
| 042 | _apremarc | ||
| 050 | 0 | 0 |
_aQM531 _b.F38 |
| 060 | 0 |
_aWO 101 _bF287c 1940 |
|
| 100 | 1 | _aFazzari, Ignazio. | |
| 245 | 1 | 0 |
_aCompendio di anatomia topografica; _cprefazione del prof. F. Schupfer ... Con 510 figure in nero e a colori. |
| 260 |
_aMilano, _bSocietà editrice libraria, _c1940. |
||
| 300 |
_axv, 621 p. _bill. |
||
| 999 |
_c38106 _d38106 |
||